000 00281nam a2200109 a 4500
005 20201002060831.0
008 181005s2016 000 spa d
020 _a9789945599664
245 0 _aMatemática 6 : libro del maestro.
260 _aSanto Domingo,
_c2016.
999 _c47452
_d47452
040 _aDO-SdBNP